00735 a2200169 450000500170000002000220001708200150003910000170005424500510007125000120012226000460013430000610018094200130024199900150025495201480026995201480041720250619093449.0 a978-1-119-12084-1 a658.40 GRA aGRANT, M. G. aContemporary Strategy Analysis: Text and Cases a9th Ed. aWest SussexbJohn Wiley & Sons Ltd.c2010 axiv, 758p.:ill.;charts, tablesbGlossary and Indexc24cm 2ddccBKS c4387d4387 r2025-06-19 09:38:46l0o658.4 WALpMZA0001407v242100.00w2025-06-19yBKS102ddc407000a003b003cGENd2007-07-16eLibrary Budgetg80700.00 r2025-06-19 09:38:46l0o658.4 WALpMZA0001408v242100.00w2025-06-19yBKS102ddc407000a003b003cGENd2007-07-16eLibrary Budgetg80700.00